LDR 00932nam a2200193 i 4500 001 000000153713 003 CaOOAMICUS 005 20060930000000.0 008 060930s1978 it u000 u ita u 013 $a131056 040 $aSeMil$bita 245 12$aI monumenti cristiani precostantiniani. 300 $a685 p. :$bill. 490 0 $aStudi di antichità cristiana ;$v32.[1] 773 0 $tAtti del 9. Congresso Internazionale di Archeologia Cristiana.$dRoma : Pontificio Istituto di Archeologia Cristiana, 1978.$kStudi di antichità cristiana / Pontificio Istituto di archeologia cristiana$gVolume1$w()16463 830 0$aStudi di antichità cristiana / Pontificio Istituto di archeologia cristiana ;$v32.[1].$0(OLS)http://semarc/title/15683 850 $aSeMil 852 $aSeMil$W1$xVenegono$y1$m5R VI 25$j105602$B105602$CSeMilBibl$Z2$F114789 $81 996 $6245$aI monumenti cristiani precostantiniani$9(OLS)http://semarc/title/224876